000 00640nam a22001937a 4500
005 20241025151855.0
010 _aENG-142450
020 _a9788119896356
_c899.00
035 _aEN-125982
037 _bDBAD
082 _210
_a332.4
100 _aMishkin, Frederic S.
_973491
245 _aFianancial Markets and Institutions/
_cBy Frederic S. Mishkin...[et.al]
250 _a10
260 _aNoida
_bPearson India Education
_c2024
270 _a15th floor, Tower- B, World Trade Tower, plot No.1, Block -C, Sector-16, Noida,
_bUttar Pradesh
_e201301
300 _a534p.
_c25cm(pb)
942 _2ddc
_cEN
_h332.4
_mMIS
_e10
999 _c206768
_d206768